000 00704cam a2200229 a 4500
001 000008899
005 20200929161433.0
008 780323s1969 sp 001 1 spa
040 _aDO-SdBNP
_cTNJ
_dDLC
082 _a863.64
_bS227r, 1969
100 1 _aSanjuán, José María.
_923465
245 1 0 _aRéquiem por todos nosotros /
_cJosé María Sanjuán.
250 _a11a ed.
260 _aBarcelona :
_bDestino,
_c1969.
300 _a321 p. ;
_c19 cm.
490 1 _aÁncora y Delfín
_v310
586 _a"Premio Eugenio Nadal 1967".
650 4 _aNovela española
_91123
650 4 _aLiteratura española
_9632
830 0 _aÁncora y Delfín ;
_v310
_95000
910 _aCatalogación por copia / LC
999 _c8668
_d8668